000 00946cam a22002411 4500
001 pa 65000103
003 DLC
005 20260227111856.0
008 800411s1964 dcu b i000 0 eng
010 _apa 65000103
035 _a(OCoLC)6190834
040 _aDLC
_cTxCM
_dDLC
042 _apremarc
050 0 0 _aZ1609.T7
_bH84
100 1 _aHulet, Claude L.
_q(Claude Lyle),
_d1920-
_ecomp.
245 1 0 _aLatin American prose in English translation;
_ba bibliography.
260 _aWashington, D.C.,
_bGeneral Secretariat, Organization of American States
_c[1964?]
300 _a191 p.
410 2 0 _aPan American Union.
_bDivision of Philosophy and Letters.
_tBasic bibliographies,
_v1
500 _a"Prepared by the Division of Philosophy and Letters, Dept. of Cultural Affairs, Pan American Union, Washington, D.C."
650 0 _aLatin American literature
_xTranslations into English
_vBibliography.
651 0 _aLatin America
_vBibliography.
999 _c51567
_d51567